Financial condition and operations of the national (Record no. 675888)
[ view plain ]
| 000 -LEADER | |
|---|---|
| fixed length control field | 00647nam a2200217Ia 4500 |
| 003 - CONTROL NUMBER IDENTIFIER | |
| control field | OSt |
| 005 - DATE AND TIME OF LATEST TRANSACTION | |
| control field | 20220926044824.0 |
| 008 - FIXED-LENGTH DATA ELEMENTS--GENERAL INFORMATION | |
| fixed length control field | 220923b |||||||| |||| 00| 0 eng d |
| 037 ## - SOURCE OF ACQUISITION | |
| Terms of availability | General Book |
| 040 ## - CATALOGING SOURCE | |
| Original cataloging agency | RTL |
| Transcribing agency | RTL |
| Language of cataloging | eng |
| 041 ## - LANGUAGE CODE | |
| Source of code | eng |
| Language code of text/sound track or separate title | eng |
| 100 ## - MAIN ENTRY--PERSONAL NAME | |
| Personal name | Willoughby W F |
| 9 (RLIN) | 121414 |
| 245 #0 - TITLE STATEMENT | |
| Title | Financial condition and operations of the national |
| 260 ## - PUBLICATION, DISTRIBUTION, ETC. | |
| Date of publication, distribution, etc. | 1931 |
| 490 ## - SERIES STATEMENT | |
| Series statement | Institute for Government of the Brookings Institution, Studies in Administration, 25 |
| 942 ## - ADDED ENTRY ELEMENTS (KOHA) | |
| Classification part | X7::73:N3, G1 |
| Koha item type | General Books |
| Source of classification or shelving scheme | Colon Classification (CC) |
| Withdrawn status | Lost status | Damaged status | Not for loan | Home library | Current library | Date acquired | Total Checkouts | Full call number | Barcode | Date last seen | Price effective from | Koha item type |
|---|---|---|---|---|---|---|---|---|---|---|---|---|
| Ratan Tata Library | Ratan Tata Library | 2022-09-26 | X7::73:N3 G1 | RT0046446 | 2022-09-26 | 2022-09-26 | General Books |
